000 00502cam a2200193ua 4500
001 1361
008 110707n ii |||gr||||Z||||||eng
020 _a81-272-1137-0
040 _cMAIN
082 _a333.7
100 1 _aBorgohain, Kruna Kanta,
_eAuthor.
245 1 _aParibesh samadhiya arthaniti
_cBy Karuna kanta Borgohain
250 _a1st.
260 _aKolkata:
_bKalyani Publishers,
_c2003.
300 _a230p:
_c23cm.
653 _aEconomics
653 _aEnviromental Economics
942 _cBK
999 _c1257
_d1257